| 000 | 00459nam a22001697a 4500 | ||
|---|---|---|---|
| 999 |
_c195564 _d195564 |
||
| 005 | 20230403172545.0 | ||
| 010 | _aENG-136606 | ||
| 020 |
_a9781311313850 _c400.00 |
||
| 035 | _aEN-120138 | ||
| 037 | _bDBAD/PUB | ||
| 082 | _aS | ||
| 100 | _aBorah,Hiranya | ||
| 245 |
_aHow to become unpopular/Random Stories and Dilemma of an old man/ _cby Hiranya Borah |
||
| 260 |
_bHBMB Publication _c2018 |
||
| 300 |
_a287p.; _c19cm(pbk) |
||
| 942 |
_2ddc _cEN _mBOR _hS |
||